| Tag |
First Indicator |
Second Indicator |
Subfields |
| LEADER |
00000pam a22000004a 4500 |
| 001 |
in00001793521 |
| 005 |
20151025130836.0 |
| 008 |
030516s2004 njua 001 0 eng |
| 010 |
|
|
|a 2003011338
|
| 020 |
|
|
|a 0471463582 (cloth)
|
| 035 |
|
|
|a (OCoLC)ocm52312042
|
| 040 |
|
|
|a DLC
|c DLC
|d YDX
|d TXA
|d UtOrBLW
|
| 042 |
|
|
|a pcc
|
| 049 |
|
|
|a TXAM
|
| 050 |
0 |
0 |
|a HG176.7
|b .B42 2004
|
| 082 |
0 |
0 |
|a 658.15/224
|2 21
|
| 100 |
1 |
|
|a Beaumont, Perry H.,
|d 1961-
|
| 245 |
1 |
0 |
|a Financial engineering principles :
|b a unified theory for financial product analysis and valuation /
|c Perry H. Beaumont.
|
| 264 |
|
1 |
|a Hoboken, N.J. :
|b John Wiley,
|c [2004]
|
| 264 |
|
4 |
|c ©2004
|
| 300 |
|
|
|a xxi, 293 pages :
|b illustrations ;
|c 24 cm.
|
| 336 |
|
|
|a text
|b txt
|2 rdacontent
|
| 337 |
|
|
|a unmediated
|b n
|2 rdamedia
|
| 338 |
|
|
|a volume
|b nc
|2 rdacarrier
|
| 490 |
1 |
|
|a Wiley finance series
|
| 500 |
|
|
|a Published simultaneously in Canada.
|
| 500 |
|
|
|a Includes index.
|
| 505 |
0 |
|
|a Products -- Cashflows -- Credit -- Financial engineering -- Risk management -- Market environment.
|
| 650 |
|
0 |
|a Financial engineering.
|
| 830 |
|
0 |
|a Wiley finance series.
|
| 994 |
|
|
|a E0
|b TXA
|
| 948 |
|
|
|a cataloged
|b h
|c 2003/11/20
|d c
|e bwalker
|f 3:41:02 pm
|
| 999 |
|
|
|a MARS
|
| 999 |
f |
f |
|s 920d1c52-df55-310c-b9ea-7cad944196a3
|i 71a78492-7c39-3433-afd8-98673477281e
|t 0
|
| 952 |
f |
f |
|p ric
|a Texas A&M University
|b Rellis Campus
|c Joint Library Facility
|d Remote Storage
|t 0
|e HG176.7 .B42 2004
|h Library of Congress classification
|i unmediated -- volume
|m A14830756484
|
| 998 |
f |
f |
|a HG176.7 .B42 2004
|t 0
|l Remote Storage
|